[Event "Arab Games Rapid Women"]
[Site "Doha QAT"]
[Date "2011.12.11"]
[Round "4"]
[White "Zhu Chen"]
[Black "Mona,K"]
[Result "1-0"]
[WhiteElo "2471"]
[BlackElo "2109"]

1.d4 c5 2.d5 e5 3.e4 d6 4.Nc3 Be7 5.Bb5+ Nd7 6.a4 a6 7.Bxd7+ Bxd7 8.Qd3 Bg5
9.Bxg5 Qxg5 10.Nf3 Qe7 11.Nd2 Nh6 12.a5 f5 13.Nc4 Rd8 14.Nb6 fxe4 15.Nxe4 Bf5
16.Ra4 O-O 17.O-O Bg6 18.c3 Be8 19.Raa1 Bb5 20.Nc4 Qh4 21.b3 Rf4 22.Rae1 Nf7
23.f3 Qh6 24.Qe3 Qg6 25.Rf2 Bxc4 26.bxc4 Nh6 27.Kh1 Nf5 28.Qd3 Rh4 29.Kg1 Rf8
30.g3 Rh3 31.Rg2 Rh6 32.Qd2 Qf7 33.Ng5 Qf6 34.Ne6 Rf7 35.Rf1 Qe7 36.f4 e4
37.Re1 e3 38.Qd3 Rg6 39.g4 Nh4 40.Rg3 Rxe6 41.dxe6 Qxe6 42.Rexe3 Qd7 43.Qe4 h6
44.Qe8+ Qxe8 45.Rxe8+ Kh7 46.f5 g6 47.fxg6+ Nxg6 48.Re6 Nf4 49.Re4 Ng6 50.Rd3 Rf6
51.Kg2 Ne5 52.Rd2 Kg6 53.Rb2 Rf7 54.Rb6 Kg5 55.Rxd6 Nxg4 56.Rd5+ Kh4 57.h3 Rf2+
58.Kg1 Kxh3 59.Rxg4 Rc2 60.Rg6 Kh4 61.Rxh6+ Kg3 62.Rg6+ Kf3 63.Rd3+ Ke4 64.Rdg3 Ra2
65.R6g4+ Kf5 66.Rg5+ Kf4 67.Rg2 Rxa5 68.Kh2 Ra3 69.Rxc5 Rxc3 70.Rc7 b5 71.Rf7+ Ke5
72.cxb5 axb5 73.Rb2 Rc5 74.Rb7  1-0

[Event "Arab Games Rapid Women"]
[Site "Doha QAT"]
[Date "2011.12.11"]
[Round "5"]
[White "Mezioud,A"]
[Black "Zhu Chen"]
[Result "0-1"]
[WhiteElo "2065"]
[BlackElo "2471"]

1.e4 e6 2.d3 d5 3.Nd2 Nf6 4.g3 a5 5.Bg2 a4 6.Ngf3 a3 7.O-O Nc6 8.e5 Nd7 9.Re1 axb2
10.Bxb2 Be7 11.Nb3 Nb6 12.Nfd4 Bd7 13.Qg4 O-O 14.Nxc6 Bxc6 15.Bc3 Ra4 16.Qe2 Bb5
17.Reb1 Ba6 18.Bd2 Nd7 19.f4 c6 20.Kh1 Qc7 21.Re1 Kh8 22.f5 exf5 23.Bh3 Re4
24.Qf2 Rxe5 25.Bxf5 Rxe1+ 26.Rxe1 Nf6 27.Be3 Bd8 28.Bd4 b6 29.Be5 Qb7 30.g4 h6
31.g5 hxg5 32.Qg2 g4 33.Bxg4 Re8 34.Bf5 Rxe5 35.Rxe5 Kg8 36.Qe2 g6 37.Bh3 Kg7
38.Rg5 c5 39.Rg1 d4+ 40.Bg2 Qd7 41.Nd2 Bc7 42.Ne4 Qe6 43.Bf3 Nxe4 44.Bxe4 Bc8
45.Qg2 Bd7 46.Bd5 Qe7 47.Rf1 f5 48.Rg1 Qd6 49.Bb3 Bc6  0-1

[Event "Arab Games Rapid Women"]
[Site "Doha QAT"]
[Date "2011.12.12"]
[Round "6"]
[White "Zhu Chen"]
[Black "Ibrahim,D"]
[Result "1-0"]
[WhiteElo "2471"]
[BlackElo "1919"]

1.d4 Nf6 2.Bg5 g6 3.Bxf6 exf6 4.e3 Bg7 5.g3 d5 6.Bg2 O-O 7.Ne2 Bg4 8.O-O Bxe2
9.Qxe2 c6 10.c4 dxc4 11.Qxc4 Nd7 12.Nc3 Nb6 13.Qb3 f5 14.Rac1 Qe7 15.a4 Qe6
16.Qb4 Rfd8 17.Qa3 Bf8 18.Qa1 Nc4 19.Qa2 Nd2 20.Rfd1 Qxa2 21.Nxa2 Ne4 22.b4 Rac8
23.Kf1 Rc7 24.Ke2 Rdc8 25.Rc2 b6 26.Rdc1 c5 27.g4 Bd6 28.gxf5 gxf5 29.f3 Nf6
30.dxc5 bxc5 31.bxc5 Rxc5 32.Rxc5 Rxc5 33.f4 Rxc1 34.Nxc1 Ne4 35.Bh3 Nc3+
36.Kd3 Nxa4 37.Bxf5 Kg7 38.Ne2 h6 39.Ng3 Nc5+ 40.Kc4 Ne6 41.Bc2 Bc5 42.f5 Bxe3
43.fxe6 fxe6 44.Kd3 Bb6 45.Ke4 Kf6 46.Kf3 a5 47.h4 e5 48.Ne4+ Ke6 49.Nc3 Bd4
50.Bb3+ Kd6 51.Ne4+ Kc6 52.Ba4+ Kc7 53.h5 Kd8 54.Kg4 Ke7 55.Kf5 Be3 56.Kxe5 Bc1
57.Kf5 Bb2 58.Kg6 Bc1 59.Bb3 Kd7 60.Ng3 Kd6 61.Nf5+  1-0

[Event "Arab Games Rapid Women"]
[Site "Doha QAT"]
[Date "2011.12.12"]
[Round "7"]
[White "Iman,H"]
[Black "Zhu Chen"]
[Result "1/2-1/2"]
[WhiteElo "2155"]
[BlackElo "2471"]

1.e4 e6 2.d4 d5 3.exd5 exd5 4.Nf3 Nf6 5.Bd3 Bd6 6.h3 h6 7.Qe2+ Qe7 8.Qxe7+ Kxe7
9.O-O Re8 10.Re1+ Kf8 11.Rxe8+ Kxe8 12.c4 dxc4 13.Bxc4  1/2-1/2

[Event "Arab Games Rapid Women"]
[Site "Doha QAT"]
[Date "2011.12.12"]
[Round "8"]
[White "Zhu Chen"]
[Black "Latreche,S"]
[Result "1-0"]
[WhiteElo "2471"]
[BlackElo "1995"]

1.d4 f5 2.g3 Nf6 3.Bg2 e6 4.b3 d5 5.Nh3 Bd6 6.O-O O-O 7.c4 c6 8.Bf4 Bxf4
9.Nxf4 Qe8 10.Nd2 g5 11.Nd3 Qg6 12.Nf3 Qg7 13.Qc1 Ne4 14.Nfe5 Nd7 15.e3 h5
16.f3 Nef6 17.b4 dxc4 18.Nxc4 h4 19.gxh4 gxh4 20.Kh1 Nh5 21.Qe1 Rf6 22.Bh3 Rg6
23.Rg1 Ndf6 24.Qxh4 Kh7 25.Nf4 Rxg1+ 26.Rxg1 Qf7 27.Ne5  1-0

[Event "Arab Games Rapid Women"]
[Site "Doha QAT"]
[Date "2011.12.12"]
[Round "9"]
[White "Wafa,Shrook"]
[Black "Zhu Chen"]
[Result "0-1"]
[WhiteElo "1873"]
[BlackElo "2471"]

1.e4 c5 2.Nf3 d6 3.d4 cxd4 4.Nxd4 Nf6 5.Nc3 a6 6.Bg5 e6 7.f4 Qc7 8.Qf3 Bd7
9.O-O-O Nc6 10.Nxc6 Bxc6 11.Bd3 Be7 12.Kb1 h6 13.Bh4 Nxe4 14.Bxe4 Bxh4 15.Bxc6+ bxc6
16.Qg4 Bf6 17.Ne4 d5 18.Nxf6+ gxf6 19.Rd3 h5 20.Qh4 Ke7 21.Re1 Rab8 22.Rb3 Qd6
23.Re5 Rb4 24.Rxb4 Qxb4 25.c3 Qc4 26.Re1 Qd3+ 27.Kc1 Rb8 28.Qxh5 Rxb2 29.Rxe6+ fxe6
30.Kxb2 Qd2+ 31.Kb3 Qxf4 32.g3 Qc4+ 33.Kb2 d4 34.cxd4 Qxd4+ 35.Kb1 Qd3+ 36.Kb2 Qb5+
37.Qxb5 axb5 38.h4 f5 39.Kc3 c5 40.Kd3 Kf6 41.Ke3 Ke5  0-1

[Event "Arab Games Classical Women 2011"]
[Site "Doha QAT"]
[Date "2011.12.13"]
[Round "1"]
[White "Jwan,J"]
[Black "Zhu Chen"]
[Result "0-1"]
[WhiteElo "1828"]
[BlackElo "2471"]

1.d4 Nf6 2.c4 g6 3.Nc3 d5 4.cxd5 Nxd5 5.e4 Nxc3 6.bxc3 Bg7 7.Nf3 c5 8.Bb2 Qa5
9.Qd2 O-O 10.Be2 Rd8 11.a3 e6 12.Rd1 Bd7 13.d5 Ba4 14.Rb1 exd5 15.exd5 c4
16.Bxc4 Qc5 17.Qd3 Re8+ 18.Kf1 Bc2 19.Qxc2 Qxc4+ 20.Kg1 Re2 21.Qd1 Na6 22.g3 Rae8
23.Kg2 Nc5 24.Re1 Nd3 25.Rxe2 Rxe2 26.d6 Nxf2 27.Qf1 Nd3+ 28.Kg1 Rxb2 29.d7 Qc5+
30.Kh1 Qd5 31.Rxb2 Nxb2 32.Qe2 Bf6 33.Qxb2 Qxf3+ 34.Kg1 Qd1+ 35.Kg2 Qxd7
36.Qb4 Qc6+ 37.Kf2 Bxc3  0-1

[Event "Arab Games Classical Women 2011"]
[Site "Doha QAT"]
[Date "2011.12.16"]
[Round "4"]
[White "Elamri,L"]
[Black "Zhu Chen"]
[Result "0-1"]
[WhiteElo "1910"]
[BlackElo "2471"]

1.e4 e6 2.d4 d5 3.Nd2 c5 4.dxc5 Bxc5 5.exd5 Qxd5 6.Ngf3 Nf6 7.Bc4 Qd8 8.O-O O-O
9.Qe2 Nbd7 10.Nb3 Bd6 11.Rd1 Qe7 12.Bg5 e5 13.Nfd2 h6 14.Ne4 hxg5 15.Nxd6 Nb6
16.Nxc8 Raxc8 17.Bd3 Qe6 18.Re1 Rfe8 19.Qe3 Qg4 20.Qg3 Qxg3 21.hxg3 e4 22.Bb5 Re5
23.Bd3 Nbd7 24.f4 gxf4 25.gxf4 Ree8 26.Bb5 Rxc2 27.Rad1 Rc7 28.Rd4 a6 29.Bxd7 Rxd7
30.Rb4 Rc8 31.Na5 Rc2 32.Rxb7 Rdd2 33.Re3 Rxg2+ 34.Kh1 Rh2+ 35.Kg1 Ng4 36.Rb8+ Kh7
37.Rc3 Rcd2 38.Rc1 Rdg2+ 39.Kf1 Ne3+  0-1

[Event "Arab Games Classical Women 2011"]
[Site "Doha QAT"]
[Date "2011.12.17"]
[Round "5"]
[White "Zhu Chen"]
[Black "Mezioud,A"]
[Result "1/2-1/2"]
[WhiteElo "2471"]
[BlackElo "2065"]

1.d4 Nf6 2.Bg5 g6 3.Bxf6 exf6 4.e3 Bg7 5.g3 O-O 6.Bg2 d5 7.Ne2 Bg4 8.c4 Bxe2
9.Qxe2 Nc6 10.O-O Re8 11.Rd1 dxc4 12.Bxc6 bxc6 13.Qxc4 Re6 14.Nd2 Qe8 15.Rac1 Bh6
16.Rc3 Rb8 17.b3 Rb5 18.Nf1 Bf8 19.Qe2 h5 20.Rdc1 Rb6 21.Qf3 Bb4 22.Rc4 Qd7
23.h4 a5 24.R1c2 Kg7 25.Nh2 Rd6 26.Kg2 Rd5 27.Qe2 c5 28.Nf3 cxd4 29.Rxd4 Rxd4
30.Nxd4 c5 31.Nf3 a4 32.bxa4 Qxa4 33.Qd3 Qa8 34.e4 Ra6 35.Qc4 Re6 36.Re2 Qa6
37.Nd2 Bxd2 38.Qxa6 Rxa6 39.Rxd2 Kf8 40.Kf3 Ke7 41.Ke3 Ra3+ 42.Kf4 Ke6 43.Rb2 Ra4
44.f3 Ra5 45.g4 hxg4 46.fxg4 c4 47.Rb6+ Ke7 48.Rb7+ Ke6 49.Rb6+ Ke7 50.Rc6 g5+
51.hxg5 fxg5+ 52.Ke3 Rxa2 53.Rxc4 Ke6 54.Rc6+ Ke5 55.Rc5+ Kf6 56.Rf5+ Kg6
57.Rb5 f6 58.Rb6 Ra5 59.Kd4 Kf7 60.Rc6 Ke7 61.Rc4 Ke6 62.Rb4 Ke7 63.Rb6 Re5
64.Rb7+ Ke6 65.Rb6+ Ke7 66.Ra6 Rb5 67.Ra7+ Ke6 68.Ra6+ Ke7 69.Ra8 Re5 70.Ra7+ Ke6
71.Ra6+ Ke7 72.Ra7+ Ke6 73.Ra6+  1/2-1/2

[Event "Arab Games Classical Women 2011"]
[Site "Doha QAT"]
[Date "2011.12.19"]
[Round "6"]
[White "Moaataz,Ayah"]
[Black "Zhu Chen"]
[Result "0-1"]
[WhiteElo "1903"]
[BlackElo "2471"]

1.e4 c5 2.c4 Nc6 3.Nc3 g6 4.g3 Bg7 5.a3 e6 6.Bg2 Nge7 7.Nge2 d6 8.d3 O-O
9.O-O b6 10.Be3 Bb7 11.h3 Nd4 12.Bxd4 cxd4 13.Na2 a5 14.Nac1 a4 15.Na2 b5
16.Rc1 Qb6 17.cxb5 d5 18.exd5 Nxd5 19.Rc4 Qxb5 20.Nb4 Qd7 21.Nxd5 Bxd5 22.Bxd5 exd5
23.Rc5 Rfb8 24.Nf4 Rxb2 25.Rxd5 Qe7 26.Qf3 Rab8 27.Ra5 Qxa3 28.Qc6 Ra2 29.Ra7 Qb3
30.Re1 Qb2 31.Re8+ Bf8 32.Ne2 Qb3 33.Rxb8 Qxb8 34.Qc4 Ra1+ 35.Kh2 Qxa7 36.Nxd4 a3
37.Qc3 Rb1  0-1

[Event "Arab Games Classical Women 2011"]
[Site "Doha QAT"]
[Date "2011.12.20"]
[Round "7"]
[White "Zhu Chen"]
[Black "Razan,A"]
[Result "1-0"]
[WhiteElo "2471"]
[BlackElo "1674"]

1.d4 Nf6 2.c4 e6 3.Nc3 Bb4 4.Qc2 d5 5.a3 Bxc3+ 6.Qxc3 Ne4 7.Qc2 e5 8.cxd5 Qxd5
9.f3 Nf6 10.dxe5 Qxe5 11.Qc3 Qxc3+ 12.bxc3 O-O 13.e4 Nbd7 14.Bf4 c6 15.Ne2 Nb6
16.a4 c5 17.Bd6 Re8 18.Bxc5 Nbd7 19.Bd4 b6 20.Nf4 Bb7 21.Bb5 Red8 22.O-O Rac8
23.a5 h6 24.Rfd1 Bc6 25.Bxc6 Rxc6 26.axb6 axb6 27.Bxf6 gxf6 28.Ra7  1-0

[Event "Arab Games Classical Women 2011"]
[Site "Doha QAT"]
[Date "2011.12.21"]
[Round "8"]
[White "Al Zarouni,K"]
[Black "Zhu Chen"]
[Result "0-1"]
[WhiteElo "1861"]
[BlackElo "2471"]

1.e4 e6 2.Nf3 d5 3.Nc3 Nf6 4.e5 Nfd7 5.d4 c5 6.Be2 a6 7.O-O Nc6 8.Be3 Qc7
9.Kh1 cxd4 10.Bxd4 Be7 11.Qd2 O-O 12.Rae1 Ndxe5 13.Nxe5 Nxe5 14.Bxe5 Qxe5
15.Bxa6 Qf6 16.Bd3 Bb4 17.Qe3 Bxc3 18.bxc3 Rxa2 19.f4 g6 20.Qe5 Kg7 21.Kg1 Bd7
22.Rb1 Bc6 23.g4 Qxe5 24.fxe5 f6 25.exf6+ Rxf6 26.g5 Rxf1+ 27.Rxf1 e5 28.Rf2 e4
29.Bf1 Ra1 30.c4 e3 31.Re2 d4 32.h4 Bf3  0-1

[Event "Gibraltar Open"]
[Site "Caleta ENG"]
[Date "2012.01.24"]
[Round "1.59"]
[White "Thingstad,E"]
[Black "Zhu Chen"]
[Result "0-1"]
[WhiteElo "2219"]
[BlackElo "2472"]

1.d4 d5 2.c4 c6 3.Nf3 Nf6 4.Nc3 dxc4 5.a4 e6 6.e4 Bb4 7.e5 Nd5 8.Bd2 b5 9.Ng5 h6
10.Nge4 O-O 11.Be2 Qb6 12.Nxd5 Bxd2+ 13.Qxd2 exd5 14.Nf6+ Kh8 15.Ra3 c5 16.a5 Qd8
17.g4 Nc6 18.Kf1 Ne7 19.h4 cxd4 20.Qxd4 gxf6 21.exf6 Ng8 22.g5 Re8 23.Bf3 b4
24.Re3 Rxe3 25.fxe3 Be6 26.Rg1 Rc8 27.Kf2 c3 28.Be2 c2 29.Rc1 Qd6 30.Kg2 a6
31.Bd3 b3 32.g6 fxg6 33.Bxg6 Rc4  0-1

[Event "Gibraltar Open"]
[Site "Caleta ENG"]
[Date "2012.01.25"]
[Round "2.19"]
[White "Zhu Chen"]
[Black "Erdos,V"]
[Result "1/2-1/2"]
[WhiteElo "2472"]
[BlackElo "2634"]

1.d4 Nf6 2.c4 g6 3.Nc3 d5 4.cxd5 Nxd5 5.e4 Nxc3 6.bxc3 Bg7 7.Nf3 c5 8.Bb5+ Nc6
9.O-O O-O 10.Ba3 cxd4 11.Bxc6 bxc6 12.cxd4 Bg4 13.Bc5 Qa5 14.Qd2 Qxd2 15.Nxd2 Rfd8
16.Nb3 a5 17.Bxe7 Rd7 18.Bg5 a4 19.Nc5 Rxd4 20.Rac1 Be2 21.Rfe1 Bb5 22.a3 Bf8
23.h3 Re8 24.f3 f5 25.Be3 Rdd8 26.Bg5 Rd4 27.Be3 Bxc5 28.Rxc5 Rd3 29.Bc1 Kf7
30.Kf2 fxe4 31.fxe4 Rd4 32.Kf3 Ke6 33.Bf4 Red8 34.Re3 Rd1 35.Kg4 R8d3 36.Rc3 Rxc3
37.Rxc3 Rb1 38.Bh6 Ke5 39.Bf8 Kxe4 40.Kg5 Rb3 41.Rc2 Rg3+  1/2-1/2

[Event "Gibraltar Open"]
[Site "Caleta ENG"]
[Date "2012.01.26"]
[Round "3.15"]
[White "Gustafsson,J"]
[Black "Zhu Chen"]
[Result "1-0"]
[WhiteElo "2643"]
[BlackElo "2472"]

1.d4 d5 2.c4 c6 3.Nf3 Nf6 4.e3 Bf5 5.Nc3 e6 6.Nh4 Bg6 7.Nxg6 hxg6 8.Bd3 Nbd7
9.O-O Bd6 10.h3 Qe7 11.Bd2 dxc4 12.Bxc4 e5 13.Qc2 Bc7 14.d5 e4 15.dxc6 bxc6
16.Ne2 g5 17.Ng3 g4 18.Be2 Rb8 19.hxg4 Qe5 20.Qxc6 Rb6 21.Qc3 Nd5 22.Qxe5+ Bxe5
23.Rac1 Ke7 24.b3 Bxg3 25.fxg3 Ne5 26.Rc5 Rd6 27.Bc1 Ke6 28.Rd1 Rhd8 29.Rd4 Nf6
30.g5 Nfd7 31.Ra5 Rc8 32.Ba3 Rdc6 33.Rxe4 Kf5 34.Bd3 Nc5 35.g4+ Kg6 36.Bb1 Ncd3
37.Rexe5 Rc1+ 38.Bxc1 Rxc1+ 39.Kh2 Rxb1 40.Rf5 Rb2 41.Ra6+  1-0

[Event "Gibraltar Open"]
[Site "Caleta ENG"]
[Date "2012.01.27"]
[Round "4.43"]
[White "Zhu Chen"]
[Black "Adler,B"]
[Result "1-0"]
[WhiteElo "2472"]
[BlackElo "2167"]

1.d4 d5 2.c4 dxc4 3.e4 c5 4.d5 e5 5.Bxc4 Bd6 6.Nc3 a6 7.a4 b6 8.Nge2 Qh4
9.Qb3 Nd7 10.Ng3 Ne7 11.Nd1 O-O 12.Ne3 g6 13.Bd3 Bb7 14.Bd2 Nc8 15.Be2 Kh8
16.Qc3 Ne7 17.Qc1 f6 18.h3 Rae8 19.Nc4 Bb8 20.Bg4 Bc8 21.Nh5 gxh5 22.g3 hxg4
23.gxh4 f5 24.hxg4 fxe4 25.Bh6 Rg8 26.Ne3 Nf6 27.Bg5 Nfxd5 28.Nxd5 Nxd5 29.Qc4 Bb7
30.O-O-O  1-0

[Event "Gibraltar Open"]
[Site "Caleta ENG"]
[Date "2012.01.28"]
[Round "5.41"]
[White "Osuna Vega,E"]
[Black "Zhu Chen"]
[Result "0-1"]
[WhiteElo "2122"]
[BlackElo "2472"]

1.e4 c5 2.Nf3 d6 3.d4 cxd4 4.Nxd4 Nf6 5.Nc3 a6 6.h3 g6 7.Be3 Bg7 8.g4 d5
9.e5 Ne4 10.f4 Nxc3 11.bxc3 e6 12.Bd3 Qc7 13.Kd2 Nd7 14.Qg1 g5 15.Re1 gxf4
16.Bxf4 Nc5 17.Qg3 Na4 18.Bf1 Bd7 19.Re3 Qb6 20.Nb3 Rc8 21.Be2 Bf8 22.Rf3 Nxc3
23.Bd3 Qb4 24.Ke3 Bc5+ 25.Nxc5 Qxc5+ 26.Kd2 Ne4+ 27.Bxe4 dxe4  0-1

[Event "Gibraltar Open"]
[Site "Caleta ENG"]
[Date "2012.01.29"]
[Round "6.20"]
[White "Zhu Chen"]
[Black "Kulaots,K"]
[Result "1/2-1/2"]
[WhiteElo "2472"]
[BlackElo "2581"]

1.d4 Nf6 2.c4 e6 3.g3 d5 4.Nf3 dxc4 5.Bg2 Bb4+ 6.Bd2 c5 7.O-O Nc6 8.dxc5 Bxc5
9.Qa4 O-O 10.Qxc4 Be7 11.Nc3 e5 12.Rfd1 Be6 13.Qb5 a6 14.Qa4 Qb6 15.Qc2 h6
16.Be3 Qb4 17.Bd2 Qb6 18.Be3 Qb4 19.Bd2 Qb6 20.Be3  1/2-1/2

[Event "Gibraltar Open"]
[Site "Caleta ENG"]
[Date "2012.01.30"]
[Round "7.17"]
[White "Gupta,Ab"]
[Black "Zhu Chen"]
[Result "0-1"]
[WhiteElo "2652"]
[BlackElo "2472"]

1.d4 Nf6 2.c4 g6 3.f3 d5 4.cxd5 Nxd5 5.e4 Nb6 6.Nc3 Bg7 7.Be3 Nc6 8.d5 Ne5
9.f4 Ng4 10.Bb5+ Bd7 11.Qxg4 Bxc3+ 12.bxc3 Bxb5 13.Bd4 Rf8 14.a4 Nxa4 15.Qd1 Nb6
16.Nf3 Qd6 17.Be5 Qd7 18.Kf2 c6 19.Bg7 Rg8 20.Bd4 Nc4 21.Rxa7 Rxa7 22.Bxa7 b6
23.Bb8 f6 24.dxc6 Bxc6 25.Qe2 b5 26.Ra1 Qb7 27.Ba7 Bxe4 28.Bc5 Qc7 29.Qxe4 Qxc5+
30.Nd4 Kf7 31.Qe6+ Kg7 32.Re1 Re8 33.Qd7 Kf7 34.Qe6+ Kg7 35.Qd7 Kf7 36.Qh3 h5
37.f5 Ne5 38.fxg6+ Nxg6 39.Qe6+ Kg7 40.Re3 Rd8 41.Qe4 Kf7 42.Rg3 Nf8 43.Kf1 Rd5
44.Qe3 b4 45.Qh6 bxc3 46.Rg7+ Ke8 47.Rg8 Qc4+  0-1

[Event "Gibraltar Open"]
[Site "Caleta ENG"]
[Date "2012.01.31"]
[Round "8.9"]
[White "Zhu Chen"]
[Black "Sutovsky,E"]
[Result "1/2-1/2"]
[WhiteElo "2472"]
[BlackElo "2703"]

1.d4 e6 2.c4 Bb4+ 3.Bd2 Qe7 4.Nf3 Nf6 5.Nc3 O-O 6.g3 d5 7.a3 Bxc3 8.Bxc3 b6
9.Bg2 Ba6 10.Nd2 Rd8 11.O-O c5 12.cxd5 Nxd5 13.dxc5 bxc5 14.Ba5 Rc8 15.Qa4 Nc6
16.Bc3 Qb7 17.Rfe1 Qb5 18.Qxb5 Bxb5 19.Ne4 Rd8 20.a4 Bc4 21.Rac1 Nxc3 22.Rxc3 Bd5
23.Nxc5 Bxg2 24.Kxg2 Nb4 25.b3 h6 26.Rc4 Rab8 27.h4 Rd2 28.Kf1 a5 29.Rec1 Kh7
30.Ne4 Rb2 31.Rc7 f5 32.Nc5 Nd5 33.Ra7 Rc8 34.Rxa5 f4 35.g4 f3 36.exf3 Nf4
37.Rd1 Rf8 38.Ra7 Rc8 39.Nd3 Nxd3 40.Rxd3 Rcc2 41.Rdd7 Rxf2+ 42.Ke1 Rh2 43.Rxg7+  1/2-1/2

[Event "Gibraltar Open"]
[Site "Caleta ENG"]
[Date "2012.02.01"]
[Round "9.18"]
[White "Koneru,H"]
[Black "Zhu Chen"]
[Result "1/2-1/2"]
[WhiteElo "2589"]
[BlackElo "2472"]

1.d4 d5 2.c4 c6 3.Nc3 Nf6 4.e3 a6 5.Qc2 e6 6.c5 Nbd7 7.Nf3 e5 8.dxe5 Ng4
9.Na4 Ngxe5 10.Nxe5 Nxe5 11.Bd2 Be7 12.Nb6 Rb8 13.Ba5 Bf6 14.Be2 Qe7 15.O-O O-O
16.Rad1 Re8 17.Rfe1 g6 18.Nxc8 Rbxc8 19.b3 Bg7 20.a4 Nd7 21.Rc1 Bf8 22.b4 Nf6
23.Bd3 Qe5 24.h3 Qg5 25.Qb3 Nd7 26.Be2 h5 27.Red1 Re6 28.Rc2 Qe7 29.Bf1 h4
30.Be2 Re8 31.Qb1 f5 32.b5 axb5 33.axb5 Qg5  1/2-1/2

[Event "Gibraltar Open"]
[Site "Caleta ENG"]
[Date "2012.02.02"]
[Round "10.22"]
[White "Zhu Chen"]
[Black "Gopal,G"]
[Result "1/2-1/2"]
[WhiteElo "2472"]
[BlackElo "2566"]

1.d4 Nf6 2.c4 g6 3.Nc3 d5 4.cxd5 Nxd5 5.e4 Nxc3 6.bxc3 Bg7 7.Nf3 c5 8.Bb5+ Nc6
9.O-O O-O 10.Bxc6 bxc6 11.Qc2 Qc7 12.Be3 Rd8 13.h3 Ba6 14.Rfc1 Rab8 15.dxc5 Bd3
16.Qa4 Bb5 17.Qa3 Rd3 18.Rab1 Rbd8 19.Qb4 a5 20.Qb3 a4 21.Qb4 a3 22.c4 Ba6
23.Qb6 Qc8 24.e5 h6 25.Qa5 Kh7 26.Kh2 Bb7 27.Qa7 R8d7 28.Bf4 Ba6 29.Qb6 Rd8
30.Bg3 Rxf3 31.gxf3 Rd2 32.Kg2 h5 33.Qa7 h4 34.Bxh4 Rb2 35.Qxe7 Qf5 36.Bf6 Rxb1
37.Rxb1 Qxb1 38.Bxg7 Kxg7 39.Qf6+ Kg8 40.Qd8+ Kh7 41.Qh4+ Kg8  1/2-1/2

[Event "Women's World Rapid Championship 2012"]
[Site "Batumi GEO"]
[Date "2012.05.31"]
[Round "1.12"]
[White "Zhu Chen"]
[Black "Guo Qi"]
[Result "1-0"]
[WhiteElo "2491"]
[BlackElo "2360"]

1.c4 e6 2.Nc3 d5 3.d4 Bb4 4.Qa4+ Nc6 5.a3 Bxc3+ 6.bxc3 Nf6 7.Bg5 h6 8.Bxf6 Qxf6
9.e3 O-O 10.Nf3 Bd7 11.cxd5 exd5 12.Qb3 Qd6 13.Bd3 b6 14.O-O Na5 15.Qb4 c5
16.dxc5 Qxc5 17.Ba6 Rfd8 18.Rfd1 Be6 19.h3 Qc7 20.Rac1 Nc6 21.Qh4 Qe7 22.Qxe7 Nxe7
23.Nd4 Bc8 24.Be2 Bd7 25.Nb5 Bxb5 26.Bxb5 Rac8 27.Ba6 Rc5 28.c4 Ra5 29.Bb7 Rd7
30.Bxd5 Nxd5 31.Rxd5 Rdxd5 32.cxd5 Rxd5 33.Rc8+ Kh7 34.Rc7 Ra5 35.Rc3 Rb5
36.g4 Rb1+ 37.Kg2 a5 38.Rc7 f6 39.a4 Rb4 40.Rb7 Rxa4 41.Rxb6 Ra1 42.Ra6 a4
43.h4 a3 44.h5 Kg8 45.Ra7 Kh7 46.Kf3 Ra2 47.Kg3 Ra1 48.Kf4 Kg8 49.Kf5 Kh7
50.f4 Ra2 51.e4 Ra1 52.Ke6 Re1 53.e5 Re3 54.Kf5 fxe5 55.fxe5 Rb3 56.Ra8 Rf3+
57.Ke4 Rf1 58.e6 Re1+ 59.Kd5 g6 60.Kd6 gxh5 61.gxh5 Rd1+ 62.Kc7 Rc1+ 63.Kd7 Rd1+
64.Ke8 Rd3 65.Ra7+ Kg8 66.Ra4 Kg7 67.e7 Re3 68.Rg4+ Kh7 69.Rg2 Re1 70.Rd2 Kg7
71.Kd7 Kf6 72.e8=Q Rxe8 73.Kxe8 Kg5 74.Rh2 a2 75.Rh1 a1=Q 76.Rxa1 Kxh5 77.Rg1 Kh4
78.Kf7  1-0

[Event "Women's World Rapid Championship 2012"]
[Site "Batumi GEO"]
[Date "2012.05.31"]
[Round "2.7"]
[White "Huang Qian"]
[Black "Zhu Chen"]
[Result "1-0"]
[WhiteElo "2417"]
[BlackElo "2491"]

1.c4 c5 2.Nf3 Nc6 3.Nc3 g6 4.e3 Nf6 5.d4 cxd4 6.exd4 d5 7.c5 Bg7 8.h3 O-O
9.Bb5 Ne4 10.O-O Bf5 11.Be3 Nxc3 12.bxc3 Na5 13.Re1 b6 14.Bg5 f6 15.Bc1 bxc5
16.Ba3 a6 17.Bf1 Re8 18.Bxc5 Qc7 19.Nh4 Bc8 20.Rb1 Nb7 21.Ba3 e6 22.Qb3 Bf8
23.Bxf8 Rxf8 24.Qb6 Qxb6 25.Rxb6 Na5 26.Nf3 Rf7 27.Nd2 Rc7 28.Re3 Kf7 29.Nb3 Nxb3
30.axb3 a5 31.Bb5 Raa7 32.Ba4 Rab7 33.Rd6 Ra7 34.Kf1 g5 35.Ke1 h5 36.Kd2 h4
37.Re1 Rab7 38.Kc2 Rb4 39.Kb2 Rbb7 40.Re3 Ra7 41.Ka3 Rab7 42.Bc6 Ra7 43.Bb5 Kg6
44.Rd8 Kf7 45.Rd6 Kg6 46.c4 dxc4 47.bxc4 Kg7 48.c5 e5 49.dxe5 Rxc5 50.exf6+ Kf7
51.Be2 Bf5 52.Bf3 Kg6 53.Bd5 Rd7 54.f7+ Kg7 55.Rxd7 Bxd7 56.Re8 Rc8 57.f8=Q+  1-0

[Event "Women's World Rapid Championship 2012"]
[Site "Batumi GEO"]
[Date "2012.05.31"]
[Round "3.12"]
[White "Zhu Chen"]
[Black "Melia,S"]
[Result "1-0"]
[WhiteElo "2491"]
[BlackElo "2410"]

1.d4 Nf6 2.c4 e6 3.Nc3 Bb4 4.Qc2 O-O 5.a3 Bxc3+ 6.Qxc3 b6 7.Nf3 Bb7 8.g3 d5
9.Bg2 Nbd7 10.O-O c5 11.Rd1 Rc8 12.cxd5 Bxd5 13.Bf4 Qe7 14.Rac1 h6 15.Qc2 Be4
16.Qc4 Bb7 17.dxc5 Bd5 18.Qb4 Nxc5 19.Be3 Rc7 20.Bxc5 Rxc5 21.Rxc5 Qxc5 22.Qxc5 bxc5
23.Ne5 Rb8 24.Rd2 a5 25.f3 a4 26.e4 Bb3 27.Bf1 Kf8 28.Rd7 Kg8 29.Rxf7 Ba2
30.Ra7 Rxb2 31.Rxa4 Rb1 32.Ra8+ Kh7 33.Rc8 Rb3 34.a4 Ra3 35.Bb5 Bb3 36.Rxc5 Ra1+
37.Kg2 Ra2+ 38.Kh3 g5 39.Rc7+ Kg8 40.g4 Bxa4 41.Bc4 Rc2 42.Bxe6+ Kf8 43.Rf7+ Ke8
44.Rxf6 Bb5 45.Bc4 Bxc4 46.Nxc4 Rxc4 47.Rxh6  1-0

[Event "Women's World Rapid Championship 2012"]
[Site "Batumi GEO"]
[Date "2012.06.01"]
[Round "4.8"]
[White "Javakhishvili,L"]
[Black "Zhu Chen"]
[Result "1-0"]
[WhiteElo "2449"]
[BlackElo "2491"]

1.Nf3 c5 2.c4 Nc6 3.g3 g6 4.Bg2 Bg7 5.Nc3 e6 6.O-O Nge7 7.d4 Nxd4 8.Nxd4 cxd4
9.Nb5 Nf5 10.e4 dxe3 11.Bxe3 d5 12.Bxa7 Bd7 13.a4 O-O 14.Bc5 Re8 15.cxd5 Bxb2
16.Rb1 Be5 17.Na7 exd5 18.Bxd5 Rb8 19.a5 Qc7 20.Bb6 Qd6 21.Nb5 Qf6 22.Ba7 Rbd8
23.Qf3 Bc6 24.Rfd1 Bxd5 25.Rxd5 Rc8 26.Rd7 Qa6 27.Bb6 Rc6 28.Qd5 Ree6 29.Re1 Bf6
30.Rxe6 Rxe6 31.Kg2 Ne7 32.Qb3 Nc6 33.Nc7 Nxa5 34.Bxa5 Qxa5 35.Nxe6 Qe5 36.Nf4 Qe4+
37.Qf3 Qa4 38.Qd5  1-0

[Event "Women's World Rapid Championship 2012"]
[Site "Batumi GEO"]
[Date "2012.06.01"]
[Round "5.11"]
[White "Zhu Chen"]
[Black "Matnadze,A"]
[Result "1-0"]
[WhiteElo "2491"]
[BlackElo "2446"]

1.d4 Nf6 2.c4 e6 3.Nf3 b6 4.g3 Bb7 5.Bg2 Be7 6.O-O O-O 7.Nc3 Ne4 8.Qc2 Nxc3
9.Qxc3 c5 10.Rd1 cxd4 11.Qxd4 d6 12.Qd3 Qc7 13.Bg5 f6 14.Bd2 Nd7 15.Rac1 Rfd8
16.Bh3 f5 17.Qe3 Ne5 18.Nd4 Qc8 19.f4 Bf6 20.Bc3 Nxc4 21.Qxe6+ Qxe6 22.Nxe6 Rdc8
23.Bxf6 gxf6 24.Kf2 Nxb2 25.Rxc8+ Rxc8 26.Rxd6 Rc1 27.Rd8+ Kf7 28.Nd4 Be4
29.Bxf5 Nd1+ 30.Ke1 Nb2+ 31.Kd2 Rd1+ 32.Kc3 Na4+ 33.Kb4 Bxf5 34.Kxa4 Bg4
35.e3 Rd2 36.a3 h5 37.Ra8 a5 38.Kb5 Rb2+ 39.Kc6 Rxh2 40.f5 Rg2 41.Ra7+ Kg8
42.Kd6 Rxg3 43.Ke6 h4 44.Kxf6 Bh5 45.Ne6 h3 46.Ra8+ Kh7 47.Nf8+ Kh6 48.Ra7 Bf7
49.Rxf7 Kh5 50.e4 Rg8 51.Rh7+ Kg4 52.Ng6 Kg3 53.e5 b5 54.e6 b4 55.axb4 axb4
56.Kf7 Rb8 57.Ne5 b3 58.Nd3 b2 59.Nxb2 Rxb2 60.e7 Rb7 61.f6  1-0

[Event "Women's World Rapid Championship 2012"]
[Site "Batumi GEO"]
[Date "2012.06.01"]
[Round "6.6"]
[White "Wang Jue"]
[Black "Zhu Chen"]
[Result "1-0"]
[WhiteElo "2364"]
[BlackElo "2491"]

1.e4 e6 2.d4 d5 3.Nc3 Nf6 4.e5 Nfd7 5.Nce2 c5 6.c3 Nc6 7.Nf3 Be7 8.a3 a5
9.Nf4 a4 10.Bd3 Qb6 11.Bc2 Qb5 12.h4 cxd4 13.cxd4 Nb6 14.Bd3 Nc4 15.O-O Bd7
16.Rb1 N6a5 17.Nh5 g6 18.Nf6+ Kd8 19.Bh6 Bxf6 20.exf6 Qb6 21.Qc1 Kc7 22.Bxc4 Nxc4
23.Ne5 Qxd4 24.Rd1 Qxh4 25.Bf4 Kc8 26.Nxd7 Ra6 27.Ne5 b5 28.Nxc4 bxc4 29.Qe3 Kb7
30.Rbc1 Rc8 31.Be5 Rb6 32.Rd4 Qh5 33.g4 Qh4 34.Kg2 Rb3 35.Rc3 Rb6 36.g5 Qh5
37.Bg3 Rxb2 38.Rc1 h6 39.gxh6 Rb3 40.Qe5 Qf3+ 41.Kh2 Rh8 42.Qc7+ Ka6 43.Qc6+ Ka7
44.Qd7+ Ka6 45.Rh4 Qxf6 46.Qxa4+ Kb7 47.Qd7+ Ka6 48.Qd6+ Kb5 49.a4+ Ka5 50.Qc5+ Ka6
51.Rcxc4 g5 52.Qd6+ Rb6 53.Rc6 Rxc6 54.Qxc6+ Ka7 55.Qc7+ Ka6 56.a5 e5 57.Qxe5 Qxe5
58.Bxe5 Rh7 59.Rh5 Kxa5 60.Bg7 Kb5 61.Rxg5 Kc4 62.Kg3 d4 63.Rg4 Kd5 64.Rxd4+  1-0

[Event "Women's World Rapid Championship 2012"]
[Site "Batumi GEO"]
[Date "2012.06.02"]
[Round "7.11"]
[White "Zhu Chen"]
[Black "Batsiashvili,N"]
[Result "0-1"]
[WhiteElo "2491"]
[BlackElo "2436"]

1.d4 f5 2.g3 Nf6 3.Bg2 g6 4.Nf3 Bg7 5.O-O O-O 6.c4 d6 7.Nc3 c6 8.Qb3 Na6
9.Rd1 Qe8 10.c5+ d5 11.Bf4 h6 12.h4 Kh7 13.Na4 Nb8 14.Qa3 Nbd7 15.Ne5 Nh5
16.Nb6 axb6 17.Qxa8 bxc5 18.Nxd7 Qxd7 19.dxc5 e5 20.Bd2 f4 21.Qa3 fxg3 22.fxg3 Qg4
23.Be1 e4 24.Qe3 Be5 25.Bf3 exf3 26.Qxe5 fxe2 27.Qe7+ Kg8 28.Qxf8+ Kxf8 29.Rd3 Qf5
30.Re3 Qf1+ 31.Kh2 Bh3  0-1